000 01304nam0a22003131 4500
001 v19\rc\1559462
005 20250618201521.0
035 _a(NLR Aleph) 004690849
090 _a3932793
_c3932793
100 _a20060620d1891 |||y0rusy50 ca
101 1 _arus
_cfre
102 _aRU
105 _ay z |||||
200 1 _aРомео и Джульетта
_e[Либретто]
_eОпера в 5 д.
_fСл. М. Карре и Ж. Барбье
_gМуз. Шарля Гуно
_gПер. Спасского
210 _aСанкт-Петербург
_d1891
215 _a80 с.
225 1 _aСобрание либретто императорских Санкт-Петербургских театров. (Департамент уделов)
_v№ 24a
700 1 _aБарбье
_bЖ.
_f1825-1901
_gЖюль
701 1 _7ca
_8rus
_aКарре
_bМ.
_f1822-1872
_gМишель
_9181966
_3RU\NLR\AUTH\770182017
702 1 _9z01790
_aГуно
_bШ.
_f1818-1893
_gШарль
_4230
702 1 _aСпасский
_bН.М.
_gНиколай Михайлович
_4730
790 1 _9z01702
_aГуно
_bШ.Ф.
_f1818-1893
_gШарль Франсуа
801 0 _aRU
_bNLR
_gpsbo
801 0 _aRU
_bRuMoRGB
_2psbo
801 1 _aRU
_bProSoft-M
_2rusmarc
852 _aNLR
_j18.277.6.29
942 _cBOOK
980 _aNB